00694 2200253 4500001002100000005001700021008004100038020002200079035002500101040001200126082001100138084002100149090002100170100001700191245005600208250001100264260003600275300003200311500003100343500001100374650002600385700001700411850001200428INLIS00000000000195620150216134513.0  a978-602-7874-61-9 a0010-081400000085063 aYOPDYOG a297.27 aDEP 297.27 Sya H aDEP 297.27 Sya H aSYAIFUL ARIF aHumanisme Gus Durc/ Syaiful Arif ; editor, Rose KR aCet. 1 aYogyakartabAr-ruzz Mediac2013 a339 hlm.b: ilus.c; 21 cm. aBibliografi : hlm. 329-334 aIndeks aIslam dan Ilmu Sosial aII. Rose KR. aYOPDYOG